Catalog

Record Details

Catalog Search



Poslední spravedlivý  Cover Image Book Book

Poslední spravedlivý / André Schwarz-Bart ; z franc. orig. Le Dernier des Justes přel. Marie Kornelová ; doslov: Marcel Aymonin

Summary:

Román o tragédii židů za vlády nacismu v Německu, poctěný r. 1959 Goncourtovou cenou. Francouzský autor s otřesnou otevřeností líčí duševní i tělesnou kalvárii mladého člena ortodoxní židovské rodiny Levyů, v němž jsou symbolicky zachyceny všechny tužby, marná víra i tragická střetání se zrůdnou rasovou nenávistí, která mění člověka ve štvané zvíře a nelítostně ho žene na smrt.

Record details

  • Physical Description: 356, [3] s. ; 8°
  • Publisher: Praha : SNKLU, 1962

Content descriptions

General Note:
Zdobený tit. list
10000 výt.

Available copies

  • 1 of 1 copy available at Common Catalog SPOK.

Holds

  • 0 current holds with 1 total copy.
Show Only Available Copies
Location Call Number / Copy Notes Barcode Shelving Location Status Due Date
The Jewish community of Prague K 338 a 4638303414 K - Beletrie Available -

Electronic resources

Version of Resource: Digitalizovaný dokument


LDR 01632nam a22003131 4500
00155315
003CZ-PrJAB
00520180104111435.0
008980512s1962 xr ||| | cze
015 . ‡acnb000613277
020 . ‡q(Váz.)
035 . ‡a(CZ PrNK)bk196201809
035 . ‡a(OCoLC)85468708
040 . ‡aABA001 ‡bcze ‡cLIA001 ‡dABA001
0411 . ‡acze ‡hfre
080 . ‡a840-311.6:343.819.5(= 924:43) ‡2undef
1001 . ‡aSchwarz-Bart, André, ‡d1928-2006 ‡7kup19970000088946 ‡4aut
24510. ‡aPoslední spravedlivý / ‡cAndré Schwarz-Bart ; z franc. orig. Le Dernier des Justes přel. Marie Kornelová ; doslov: Marcel Aymonin
260 . ‡aPraha : ‡bSNKLU, ‡c1962 ‡e(Vimperk : ‡fStráž 4)
300 . ‡a356, [3] s. ; ‡c
4901 . ‡aSoudobá světová próza ; ‡vSv. 135
500 . ‡aZdobený tit. list
500 . ‡a10000 výt.
520 . ‡aRomán o tragédii židů za vlády nacismu v Německu, poctěný r. 1959 Goncourtovou cenou. Francouzský autor s otřesnou otevřeností líčí duševní i tělesnou kalvárii mladého člena ortodoxní židovské rodiny Levyů, v němž jsou symbolicky zachyceny všechny tužby, marná víra i tragická střetání se zrůdnou rasovou nenávistí, která mění člověka ve štvané zvíře a nelítostně ho žene na smrt.
830 0. ‡aSoudobá světová próza (Státní nakladatelství krásné literatury a umění)
85641. ‡uhttp://krameriusndk.nkp.cz/search/handle/uuid:5d49b700-4b14-11e6-ab2f-005056827e52 ‡yDigitalizovaný dokument
910 . ‡aABE461
995 . ‡aska
964 . ‡aŽidé - kroniky románové
964 . ‡aŽidé - válka světová 1939-1945 - kroniky románové
901 . ‡a55315 ‡bAUTOGEN ‡c55315 ‡tbiblio

Additional Resources